مقدمة صحيح البخاري / Muqaddimat ṣaḥīḥ al-Bukhārī / (Record no. 81665)
[ view plain ]
| 000 -LEADER | |
|---|---|
| fixed length control field | 00855nam a22002293i 4500 |
| 001 - CONTROL NUMBER | |
| control field | 81665 |
| 003 - CONTROL NUMBER IDENTIFIER | |
| rucl marc code | BD-RjUL |
| 005 - DATE AND TIME OF LATEST TRANSACTION | |
| control field | 20230810125420.0 |
| 008 - FIXED-LENGTH DATA ELEMENTS--GENERAL INFORMATION | |
| fixed length control field | 230309s1970 pk ||| | ara d |
| 035 ## - SYSTEM CONTROL NUMBER | |
| System control number | (BD-RjUL)81665 |
| 040 ## - CATALOGING SOURCE | |
| Original cataloging agency | UkOxU |
| Language of cataloging | eng |
| Description conventions | rda |
| Transcribing agency | UkOxU |
| 041 ## - LANGUAGE CODE | |
| Language code of text/sound track or separate title | eng |
| 082 ## - DEWEY DECIMAL CLASSIFICATION NUMBER | |
| Classification number | 297.12541 |
| Author mark and year | BUK 1970 |
| 245 00 - TITLE STATEMENT | |
| Title | مقدمة صحيح البخاري / Muqaddimat ṣaḥīḥ al-Bukhārī / |
| Statement of responsibility, etc. | ʻAbd al-Raḥmān al-Mīnawī ; ḥarrarahu Abū Saʻīd Kul Aḥmad Mīnawī. |
| 264 #1 - PRODUCTION, PUBLICATION, DISTRIBUTION, MANUFACTURE, AND COPYRIGHT NOTICE | |
| Place of production, publication, distribution, manufacture | Bishāwar : |
| Name of producer, publisher, distributor, manufacturer | Bris Bishāwar, |
| Date of production, publication, distribution, manufacture, or copyright notice | [1970] |
| 300 ## - PHYSICAL DESCRIPTION | |
| Pagination | 562 pages ; |
| Size | 32 cm |
| 336 ## - CONTENT TYPE | |
| Content type term | text |
| Source | rdacontent |
| 650 ## - SUBJECT ADDED ENTRY--TOPICAL TERM | |
| Form subdivision | Hadith |
| 880 00 - ALTERNATE GRAPHIC REPRESENTATION | |
| a | مقدمة صحيح البخاري / |
| c | عبد الرحمن المينوي ; حرره أبو سعيد كل أحمد المينوي. |
| a | بيشاور : |
| b | بريس بيشاور, |
| c | [1970] |
| 942 ## - ADDED ENTRY ELEMENTS (KOHA) | |
| Source of classification or shelving scheme | Dewey Decimal Classification |
| Koha item type | Books |
| Lost status | Source of classification or shelving scheme | Damaged status | Not for loan | Collection code | Permanent Location | Current Location | Shelving location | Date acquired | Source of acquisition | Full call number | Date last seen | Copy number | Koha item type | Total Checkouts |
|---|---|---|---|---|---|---|---|---|---|---|---|---|---|---|
| Dewey Decimal Classification | Not For Loan | Non-fiction | Central Library, University of Rajshahi | Central Library, University of Rajshahi | Reading Room | 10/08/2023 | mawlana A.K.M. husain , basudevepur , Rajshahi. | A 297.12541 BUK 1970 | 10/08/2023 | C-1 | Books | |||
| Dewey Decimal Classification | Non-fiction | Central Library, University of Rajshahi | Central Library, University of Rajshahi | General Stacks | 03/12/2024 | Mawlana A.K. Muhammad Husain, Rajshahi | A 297.12541 BUK 1970 | 03/12/2024 | C-2 | Books |